Colonialism-postcolonialism / (Record no. 19416)

MARC details
000 -LEADER
fixed length control field 01018cam a2200289 a 4500
001 - CONTROL NUMBER
control field 1183183
003 - CONTROL NUMBER IDENTIFIER
control field BDDh-ASL
005 - DATE AND TIME OF LATEST TRANSACTION
control field 20231015025759.0
008 - FIXED-LENGTH DATA ELEMENTS--GENERAL INFORMATION
fixed length control field 971120s1998 enk b 001 0 eng
010 ## - LIBRARY OF CONGRESS CONTROL NUMBER
LC control number 97046665
020 ## - INTERNATIONAL STANDARD BOOK NUMBER
International Standard Book Number 0415128080 (alk. paper)
020 ## - INTERNATIONAL STANDARD BOOK NUMBER
International Standard Book Number 0415128099 (alk. paper)
040 ## - CATALOGING SOURCE
Original cataloging agency DLC
Transcribing agency DLC
Modifying agency BDDh-ASL
050 00 - LIBRARY OF CONGRESS CALL NUMBER
Classification number JV51
Item number .L66 1998
082 00 - DEWEY DECIMAL CLASSIFICATION NUMBER
Classification number 325.3
Edition number 21
Item number LOC
100 1# - MAIN ENTRY--PERSONAL NAME
Personal name Loomba, Ania.
245 10 - TITLE STATEMENT
Title Colonialism-postcolonialism /
Statement of responsibility, etc. Ania Loomba.
260 ## - PUBLICATION, DISTRIBUTION, ETC.
Place of publication, distribution, etc. London ;
-- New York :
Name of publisher, distributor, etc. Routledge,
Date of publication, distribution, etc. 1998.
300 ## - PHYSICAL DESCRIPTION
Extent xviii, 289 p. ;
Dimensions 21 cm.
440 #4 - SERIES STATEMENT/ADDED ENTRY--TITLE
Title The new critical idiom
504 ## - BIBLIOGRAPHY, ETC. NOTE
Bibliography, etc. note Includes bibliographical references (p. [261]-278) and index.
650 #0 - SUBJECT ADDED ENTRY--TOPICAL TERM
Topical term or geographic name entry element Postcolonialism.
856 42 - ELECTRONIC LOCATION AND ACCESS
Materials specified Publisher description
Uniform Resource Identifier <a href="http://www.loc.gov/catdir/enhancements/fy0649/97046665-d.html">http://www.loc.gov/catdir/enhancements/fy0649/97046665-d.html</a>
906 ## - LOCAL DATA ELEMENT F, LDF (RLIN)
a 7
b cbc
c orignew
d 1
e ocip
f 19
g y-gencatlg
942 ## - ADDED ENTRY ELEMENTS (KOHA)
Source of classification or shelving scheme Dewey Decimal Classification
Koha item type Books
Holdings
Withdrawn status Lost status Source of classification or shelving scheme Damaged status Not for loan Collection code Home library Current library Shelving location Date acquired Source of acquisition Total Checkouts Full call number Barcode Date last seen Copy number Price effective from Koha item type
    Dewey Decimal Classification     Non-fiction Asiatic Society Library Asiatic Society Library Sirajul Islam Collection 11/28/2020 Donated by Professor Sirajul Islam, FRHS   325.3 LOC 102746 11/28/2020 C-1 11/28/2020 Books

Powered by Koha